Movies Quiz

Random Movies or War Quiz

'8 Mile' Final Rap Battle Words Quiz Stats

 Plays Quiz not verified by Sporcle

Score 0/300 Timer 16:00
0 Plays Today
lyrics % Correct
And
98.3%
the
97.4%
and
97.4%
the
97.4%
the
97.4%
and
97.4%
the
97.4%
a
97.4%
a
97.4%
a
97.4%
the
97.4%
And
97.4%
And
97.4%
the
97.4%
the
97.4%
a
97.4%
the
97.4%
a
97.4%
And
97.4%
And
97.4%
a
97.4%
the
97.4%
a
97.4%
a
97.4%
a
97.4%
a
97.4%
and
97.4%
This
96.6%
you
92.9%
you
92.9%
You
92.9%
you
92.9%
You
92.9%
You
92.9%
you
92.9%
I
92.2%
I
92.2%
I
92.2%
I
92.2%
I
92.2%
I
92.2%
I
92.2%
I
92.2%
I
92.2%
no
91.8%
No
89.7%
no
89.7%
me
89.6%
me
89.6%
me
89.6%
me
89.6%
me
89.6%
three
88.9%
three
88.9%
three
88.9%
ever
88.5%
your
88.3%
your
88.3%
one
88.1%
one
88.1%
one
88.1%
313
87.9%
313
87.9%
to
87.9%
to
87.9%
to
87.9%
to
87.9%
to
87.9%
to
87.9%
to
87.9%
to
87.9%
he
87.8%
put
87.6%
up
87.5%
up
87.5%
up
87.5%
up
87.5%
put
87.5%
everybody
87.4%
everybody
87.4%
everybody
87.4%
his
87%
his
87%
his
87%
his
87%
Wink
86.8%
hands
86.6%
hands
86.6%
hands
86.6%
got
86.6%
have
86.2%
have
86.2%
do
85.9%
do
85.9%
go
85.9%
I've
85.8%
this
85.1%
This
85.1%
This
85.1%
This
85.1%
lyrics % Correct
this
85.1%
Now
84.6%
Now
84.6%
Now
84.6%
in
84.4%
he's
84.3%
Look
83.7%
Look
83.7%
follow
83.7%
in
83.5%
in
83.5%
that
83.5%
did
83.4%
did
83.4%
did
83.4%
who's
83.3%
ain't
83.2%
two
83%
two
83%
two
83%
world
82.9%
my
82.8%
My
82.8%
my
82.8%
know
82.7%
know
82.7%
know
82.7%
know
82.7%
not
82.7%
there's
82.7%
free
82.4%
white
82.4%
free
82.4%
white
82.4%
while
82.3%
from
82.3%
from
82.3%
trailer
82.3%
trailer
82.2%
with
81.8%
with
81.8%
with
81.8%
that's
81.7%
mom
81.6%
I'm
81.6%
four
81.5%
four
81.5%
four
81.5%
live
80.6%
is
80.6%
is
80.6%
guy's
80.3%
real
80.1%
man
79.9%
What's
79.9%
Notice
79.8%
about
79.7%
about
79.7%
about
79.7%
an
79.7%
real
79.6%
real
79.6%
something
79.5%
something
79.5%
name
79.3%
of
79.3%
of
79.3%
of
79.3%
who
79.2%
parents
79%
parents
79%
school
78.9%
private
78.6%
pac
78.5%
pac
78.5%
pac
78.5%
pac
78.5%
pac
78.5%
pac
78.5%
pac
78.5%
Pac
78.5%
Pac
78.5%
look
78.4%
Don't
78.3%
don't
78.3%
don't
78.3%
don't
78.3%
don't
78.3%
Clarence
78.1%
Clarence
78.1%
None
77.8%
Clarence's
77.5%
stands
77.4%
girl
77.4%
say
77.3%
good
77.3%
say
77.3%
gun
76.5%
am
76.3%
am
76.3%
lyrics % Correct
everything
76%
outty
76%
here
75.9%
Here
75.9%
He's
75.6%
he's
75.6%
He's
75.6%
He's
75.6%
tough
75.5%
marriage
75.5%
guy
75.1%
friend
75.1%
guy
75.1%
got
74.7%
himself
74.7%
went
74.6%
bum
74.3%
Bob
74.3%
own
74.3%
ya'll
74%
leg
73.9%
still
73.8%
what
73.5%
six
73.4%
all
73.2%
I'm
73.2%
I'm
73.2%
they
73.2%
But
72.9%
tell
72.7%
bad
72.4%
big
72.3%
Cheddar
72.3%
through
72%
as
71.9%
by
71.9%
standing
71.9%
gangster
71.9%
been
71.8%
wolf
71.6%
get
71.2%
named
71%
Cranbrook
70.9%
at
70.9%
Cranbrook
70.9%
dumb
70.5%
jumped
70.5%
afraid
70.5%
screaming
70.2%
Uncle
70.2%
Tom
70%
home
69.7%
death
69.6%
win
69.5%
lives
69.2%
want
69.2%
want
69.2%
trash
69.2%
people
68.9%
chumps
68.8%
battle
68.8%
battle
68.8%
these
68.7%
emcee
68.6%
boy
68.5%
against
68.5%
matter
68.4%
both
68.4%
way
68.1%
Future
67.8%
dude
67.8%
half
67.3%
shoots
67.3%
scared
67.1%
scared
67.1%
thing
67%
gassed
66.6%
try
66.5%
it
66.3%
proudly
65.8%
Doc
65.7%
such
65.7%
year
65.5%
dog
65.2%
judge
65.1%
piece
65%
beat
65%
book
64.7%
Papa
64%
doubt
62.8%
shook
62.8%
you're
62.6%
if
62.3%
crooks
61.7%
acapella
61.6%
clock
60.6%
I'll
58.2%
world's
55.9%
because
53.5%
embarassed
50.4%

You're not logged in!

Compare scores with friends on all Sporcle quizzes.
OR
Log In

Show Comments

Extras

Top Quizzes Today


Score Distribution

Your Account Isn't Verified!

In order to create a playlist on Sporcle, you need to verify the email address you used during registration. Go to your Sporcle Settings to finish the process.

Report this User

Report this user for behavior that violates our Community Guidelines.

Details: